000 01218nam a2200385 a 4500
001 22485
003 SK-KTurca
005 20260330141508.0
008 240315s2010 xo g 000 f slo
015 _aSNBA2011/05-02457
020 _a9788055601304
_q(viaz.)
035 _a87DF3A44-0A0D-4193-AE86-163A0C3F2178
035 _aurn:nbn:sk:snk-amjgi2
035 _aurn:nbn:sk:snk-am001s6d
040 _aTVZK
_bslo
_cTVZK
_dPPPK
_eAACR2
041 1 _aslo
_heng
044 _axo
_cSK
072 7 _a821.111(73)-3
_xAmerická próza
_2konspekt
080 _a821.111(73)-31
_22001
080 _a(0:82-312.9)
_22001
100 1 _aNoël, Alyson
_4aut
240 1 4 _aThe immortals: blue moon
_lSlovensky
245 1 0 _aNesmrteľní
_n[2]
_pModrý mesiac
_cAlyson Noël ; [z anglického originálu preložila Paulína Feriancová]
246 3 0 _aModrý mesiac
250 _a[1. vyd.]
260 _aBratislava
_bSlovart
_c2010
300 _a318 s.
_c22 cm
655 7 _aamerické romány
_2SNKPH
655 7 _afantasy romány
_2SNKPH
655 7 _aAmerican fiction
_2SNKPHeng
655 7 _aFantasy novels
_2SNKPHeng
700 1 _aFeriancová, Paulína,
_d1976-
_4trl
942 _2ddc
_cKLDO
_n0
980 _a821.111(73)-31
999 _c22485
_d22485